La fetichización de la autonomía universitaria en Centro América
Uloženo v:
| Hlavní autor: | |
|---|---|
| Médium: | Text |
| Vydáno: |
San José:
CSUCA
|
| Tagy: |
Přidat tag
Žádné tagy, Buďte první, kdo vytvoří štítek k tomuto záznamu!
|
MARC
| LEADER | 00000 a a2200000 04500 | ||
|---|---|---|---|
| 001 | 20374 | ||
| 003 | |||
| 040 | |||
| 090 | |a 085000 | ||
| 100 | |a González, Vinicio | ||
| 245 | |a La fetichización de la autonomía universitaria en Centro América | ||
| 260 | |a San José: |b CSUCA | ||
| 300 | |a 44 p. | ||
| 999 | |c 13984 |d 13984 | ||
